Loading...
| History - European | 0 | 5 | 0 | 0 | 50 | 49 | 88.00 | 2 | 5 | 16.10 | 35.00 |
| Philosophy | 0 | 5 | 1 | 0 | 45 | 45 | 60.80 | 2 | 4 | 24.55 | 32.50 |
| Fine Arts - Other | 0 | 5 | 1 | 1 | 45 | 66 | 104.60 | 0 | 5 | 10.95 | 30.00 |
| Fine Arts - Painting and Sculpture | 0 | 4 | 0 | 0 | 40 | 75 | 93.00 | 0 | 3 | 10.09 | 20.00 |
| Religion | 0 | 4 | 0 | 0 | 40 | 15 | 71.00 | 3 | 4 | 16.64 | 35.00 |
| Social Science | 0 | 3 | 0 | 1 | 30 | 47 | 81.33 | 1 | 2 | 7.96 | 17.50 |
| Literature - European | 0 | 2 | 0 | 0 | 20 | 129 | 135.00 | 0 | 2 | 0.72 | 5.00 |
| History - World | 0 | 2 | 1 | 0 | 15 | 85 | 88.50 | 0 | 2 | 5.07 | 7.50 |
| Fine Arts - Classical Music | 0 | 2 | 1 | 0 | 15 | 78 | 92.50 | 0 | 2 | 4.99 | 7.50 |
| Mythology | 0 | 2 | 1 | 1 | 15 | 71 | 101.50 | 0 | 2 | 4.82 | 10.00 |
| History - Other | 0 | 2 | 1 | 1 | 15 | 83 | 102.50 | 0 | 2 | 3.14 | 10.00 |
| Literature - World | 0 | 1 | 0 | 0 | 10 | 96 | 96.00 | 0 | 0 | 3.68 | 2.50 |
| Science - Physics | 0 | 1 | 0 | 0 | 10 | 119 | 119.00 | 0 | 0 | 0.33 | 2.50 |
| Geography | 0 | 1 | 0 | 0 | 10 | 76 | 76.00 | 1 | 1 | 20.99 | 50.00 |
| Popular Culture | 0 | 1 | 0 | 0 | 10 | 66 | 66.00 | 0 | 1 | 17.95 | 25.00 |
| Science - Other | 0 | 1 | 0 | 0 | 10 | 93 | 93.00 | 0 | 0 | 1.84 | 2.50 |
| History - American | 0 | 2 | 3 | 0 | 5 | 56 | 78.50 | 1 | 2 | 7.77 | 15.00 |
| Science - Biology | 0 | 1 | 1 | 1 | 5 | 114 | 114.00 | 0 | 1 | 0.00 | 2.50 |
| Literature - American | 0 | 0 | 0 | 0 | 0 | 0.00 | 0 | 0 | 0.00 | 0.00 | |
| Literature - British | 0 | 0 | 0 | 0 | 0 | 0.00 | 0 | 0 | 0.00 | 0.00 | |
| Other Academic | 0 | 0 | 1 | 0 | -5 | 0.00 | 0 | 0 | 0.00 | 0.00 |